00505nam a2200193 a 4500001001300000003000900013005001700022008004100039020002600080082001800106100001900124245002200143260004000165300000900205500003500214505002700249650001600276700001900292nice12345678IN_TiNIC20260116014440.0050524s2002 lona grp 000 0 eng  a0743289 c574.5400a297.0962bMUR aMurphy, Caryle aPassion for Islam aLondonbFree Press of Glencoec2002 a359p aincludes index and biblioraphy2 aNotes, Glossary, Index aIslam-Egypt1 aMurphy, Caryle